| 000 | 00626nam a2200217 a 4500 | ||
|---|---|---|---|
| 005 | 20210223125244.0 | ||
| 008 | 040127s2001 es r 000 0 spa d | ||
| 020 | _a8483231344 | ||
| 035 | _aUPN01000131544 | ||
| 049 | _aCG | ||
| 050 | 4 |
_aP40.5 _bC7.5 |
|
| 100 | 1 |
_aCrystal, David, _d1941- _942020 |
|
| 245 | 1 | 3 |
_aLa muerte de las lenguas / _cDavid Crystal ; tr. de Pedro Tena. |
| 260 |
_aMadrid : _bCambridge University, _c2001. |
||
| 300 | _a222 p. | ||
| 440 | 0 | _aLingüística | |
| 534 |
_pTítulo original: _tLanguage death |
||
| 650 | 4 | _aLENGUAS OBSOLETAS | |
| 650 | 4 |
_aLENGUAS - _xFILOSOFIA _93839 |
|
| 905 | _aLibro | ||
| 999 |
_c103699 _d103699 |
||